000 00509nam a2200181Ia 4500
008 240925s9999 xx 000 0 und d
020 _a8120322150
082 _a005.44 TAN
100 _aTanenbaum, Andrew .S
245 0 _aDistributed Systems: principles and paradigms
250 _aNA
260 _aNew Delhi:
_bPrentice Hall
_c,2006.
300 _a752p.
_bNA
_fOriginal
500 _aIncludes Index
600 _aComputer Science
650 _aComputer science, information & general works
942 _cBK
999 _c9152
_d9152